00623nam a2200169Ia 4500008004100000020001800041041000800059082001700067100005100084245008100135250000600216260004700222300001400269650002000283999001900303952013100322210716s2016 xx 000 0 und d a9789352602148 aeng a621.395 KANS aKang, Sung Mo; Leblebici, Yusuf; Kim, Chulwoo. aCMOS Digital integrated circuits: analysis and design.bAnalysis and design. a4 aNew DelhibMc Graw Hill Book Companyc2016 axviii,714 aDigital Systems c196126d196126 001040708MCAaAIMITbAIMITeKnowledge Worldg699.00l0o621.395 KANSpMCA15640r2025-07-21 00:00:00v545.22w2021-07-16yBK